مهنة الصحافة في بلاد البحر المتوسط / (Record no. 14157)
[ view plain ]
| 000 -LEADER | |
|---|---|
| fixed length control field | 00938nam a22001817a 4500 |
| 008 - FIXED-LENGTH DATA ELEMENTS--GENERAL INFORMATION | |
| fixed length control field | 100622t xxu||||| |||| 00| 0 eng d |
| 020 ## - INTERNATIONAL STANDARD BOOK NUMBER | |
| International Standard Book Number | 977130139X |
| 082 ## - DEWEY DECIMAL CLASSIFICATION NUMBER | |
| Edition number | 22 |
| Classification number | 070.02391638 |
| Item number | ص ح ا |
| 111 ## - MAIN ENTRY--MEETING NAME | |
| 9 (RLIN) | 15039 |
| Meeting name or jurisdiction name as entry element | ممارسة مهنة الصحافة في إقليم البحر المتوسط |
| Location of meeting | مارسيليا - قصر فارو |
| 245 ## - TITLE STATEMENT | |
| Title | مهنة الصحافة في بلاد البحر المتوسط / |
| Statement of responsibility, etc | تحرير كينث براون [و آخ ...] |
| 260 ## - PUBLICATION, DISTRIBUTION, ETC. (IMPRINT) | |
| Place of publication, distribution, etc | القاهرة : |
| Name of publisher, distributor, etc | [الأهرام] ، 1995 |
| Date of publication, distribution, etc | 1995 |
| 300 ## - PHYSICAL DESCRIPTION | |
| Extent | 213 ص ؛ |
| Dimensions | 21 سم |
| 490 ## - Series Statement | |
| -- | 15035 |
| Series statement | ؛ كتاب السياسة الدولية |
| Volume/sequential designation | 1 |
| 650 ## - SUBJECT ADDED ENTRY--TOPICAL TERM | |
| 9 (RLIN) | 15038 |
| Topical term or geographic name as entry element | الصحافة (مهنة) |
| Geographic subdivision | البحر المتوسط |
| 700 ## - ADDED ENTRY--PERSONAL NAME | |
| 9 (RLIN) | 15037 |
| Personal name | براون، كينث |
| 942 ## - ADDED ENTRY ELEMENTS (KOHA) | |
| Source of classification or shelving scheme | Dewey Decimal Classification |
| Item type | Book - Borrowing |
| Withdrawn status | Item status | Source of classification or shelving scheme | Damaged status | Not for loan | Vendor | Home library | Current library | Shelving location | Date acquired | Source of acquisition | Total Checkouts | Full call number | Barcode | Date last seen | Koha item type |
|---|---|---|---|---|---|---|---|---|---|---|---|---|---|---|---|
| Dewey Decimal Classification | Central Library | Central Library | Lower Floor | 22/06/2010 | 070.02391638 مما | 000021070 | 15/07/2025 | Book - Borrowing |